Carlos Saura
Salvato in:
| Autore principale: | |
|---|---|
| Natura: | Libro |
| Lingua: | spagnolo |
| Pubblicazione: |
Madrid
Ediciones JC
1981
|
| Edizione: | 1a. ed |
| Serie: | Colección Directores de Cine, 7
|
| Soggetti: | |
| Tags: |
Aggiungi Tag
Nessun Tag, puoi essere il primo ad aggiungerne!!
|
MARC
| LEADER | 00000cam a2200000 a 4500 | ||
|---|---|---|---|
| 001 | UCC7790 | ||
| 003 | CL-VaPUC | ||
| 008 | 190505e19810000sp |||||||||||||||||spa|d | ||
| 020 | |a 8484741110 | ||
| 082 | 0 | 4 | |a 791.430946 |b HID |2 21 |
| 100 | 0 | |a Hidalgo, Manuel |e author |9 602478 | |
| 245 | 1 | 0 | |a Carlos Saura |
| 250 | |a 1a. ed | ||
| 300 | |a 107 p | ||
| 942 | |c BK | ||
| 945 | |d 20190505 21:05:00 |a dcastane | ||
| 260 | |a Madrid |b Ediciones JC |c 1981 | ||
| 650 | 0 | |a Directores de cine |9 368705 | |
| 650 | 7 | |a CINE ESPAÑOL |2 CL-VaPUC |9 449630 | |
| 583 | |a last modification |c 20190906 11:51:35 |k Rodrigo Vera | ||
| 490 | 0 | |a Colección Directores de Cine, 7 | |
| 999 | |c 374339 |d 374337 | ||
| 952 | |0 0 |1 0 |3 erb |4 0 |6 791_430946000000000_HID_1981 |7 0 |8 A |9 492843 |a BIBART |b BIBART |i 5545927 |o 791.430946 HID 1981 |p 5545927 |r 2025-03-13 |w 2019-11-24 |y BK |z Catalogado en:20190505 |k ART | ||